01875cam a2200313 i 450000100090000000300100000900500170001900800410003602000250007704000390010208200210014110000390016224501120020126400710031330000520038433600260043633700280046233800270049050000240051750400520054150506870059365000480128065100100132865300210133865500170135994200120137699900170138895201560140518206548EG-ScBUE 20230315123641.0140630s2015 maua f bd 001 0 eng d a9781138021501 (pbk.) aDLCbengerdacDLCdDLCdEG-ScBUE 04a792.025222bMAL1 aMalloy, Kaoime E.,eauthor.93815714aThe art of theatrical design :belements of visual compositions, methods, and practice /cKaoime E. Malloy. 1aBurlington ;aOxon :bFocal Press / Taylor & Francis Group,c2015. axxi, 320 pages : bcolor illustrations ;c28 cm 2rdacontentatextbtxt 2rdamediaaunmediatedbn 2rdacarrieravolumebnc aIncludes glossary.  aIncludes bibliographical references and index. 0 aBeginnings. What is design? -- Content and context -- Genre -- Style -- Structure and format -- Elements of design. Line -- Shape/form/mass/space -- Value -- Color -- Texture -- Creating the illusion of depth on a flat surface -- Principles of design. Unity and variety -- Balance -- Repetition/pattern/rhythm -- Scale and proportion -- Emphasis and subordination -- Core principles for the theatrical designer. Collaboration -- Analysis -- Conceptualization -- The design process -- The role of the critique -- Drawing as our common language -- Rendering techniques -- Individual design areas. Costume design -- Scene design -- Lighting design -- Sound design -- Projection design. 7aTheatersxStage-setting and scenery.2BUEsh 2BUEsh bCOMAMEcJune2015 vReading book 2ddccBB c19595d19567 00102ddc40708AlahramaMAINbMAINc2NDd2015-06-11epurchaseg420.00h313l3m4o792.025 MALp000038517r2025-07-15 00:00:00s2020-11-03v525.00yBB